|
|
|
|
| LEADER |
00000cam a2200000 c 4500 |
| 001 |
1738890996 |
| 003 |
DE-627 |
| 005 |
20251226190602.0 |
| 007 |
tu |
| 008 |
201117s2020 xxk||||| 00| ||eng c |
| 020 |
|
|
|a 9781447341307
|c paperback : (£29.99)
|9 978-1-4473-4130-7
|
| 020 |
|
|
|a 9781447341284
|c hardcover
|9 978-1-4473-4128-4
|
| 035 |
|
|
|a (DE-627)1738890996
|
| 035 |
|
|
|a (DE-599)KXP1738890996
|
| 035 |
|
|
|a (OCoLC)1220889218
|
| 040 |
|
|
|a DE-627
|b ger
|c DE-627
|e rda
|
| 041 |
|
|
|a eng
|
| 044 |
|
|
|c XA-GB
|
| 082 |
0 |
|
|a 362.5094
|
| 245 |
0 |
0 |
|a Absolute poverty in Europe
|b interdisciplinary perspectives on a hidden phenomenon
|c edited by Helmut P. Gaisbauer, Gottfried Schweiger, Clemens Sedmak
|
| 250 |
|
|
|a Paperback edition
|
| 264 |
|
1 |
|a Bristol
|b Policy Press
|c [2020]
|
| 264 |
|
4 |
|c © 2020
|
| 300 |
|
|
|a ix, 430 Seiten
|b Illustrationen
|
| 336 |
|
|
|a Text
|b txt
|2 rdacontent
|
| 337 |
|
|
|a ohne Hilfsmittel zu benutzen
|b n
|2 rdamedia
|
| 338 |
|
|
|a Band
|b nc
|2 rdacarrier
|
| 650 |
|
0 |
|a Poverty
|z Europe
|
| 650 |
|
0 |
|a Poverty
|x Government policy
|z Europe
|
| 650 |
|
0 |
|a Poor
|x Services for
|z Europe
|
| 700 |
1 |
|
|a Gaisbauer, Helmut P.
|d 1971-
|e HerausgeberIn
|0 (DE-588)141511672
|0 (DE-627)629439079
|0 (DE-576)275094243
|4 edt
|
| 700 |
1 |
|
|a Schweiger, Gottfried
|d 1980-
|e HerausgeberIn
|0 (DE-588)133884171
|0 (DE-627)557870984
|0 (DE-576)278047394
|4 edt
|
| 700 |
1 |
|
|a Sedmak, Clemens
|d 1971-
|e HerausgeberIn
|0 (DE-588)122777662
|0 (DE-627)082149941
|0 (DE-576)174752040
|4 edt
|
| 776 |
1 |
|
|z 9781447341314
|c ePub
|
| 776 |
1 |
|
|z 9781447341321
|c Mobi
|
| 776 |
1 |
|
|z 9781447341291
|c ePdf
|
| 856 |
4 |
2 |
|u https://swbplus.bsz-bw.de/bsz1738890996inh.htm
|m V:DE-576;B:DE-Frei85
|q application/pdf
|v 20210210193255
|3 Inhaltsverzeichnis
|7 1
|
| 935 |
|
|
|a mkri
|
| 951 |
|
|
|a BO
|
| ELC |
|
|
|b 1
|
| LOK |
|
|
|0 000 xxxxxcx a22 zn 4500
|
| LOK |
|
|
|0 001 3805748280
|
| LOK |
|
|
|0 003 DE-627
|
| LOK |
|
|
|0 004 1738890996
|
| LOK |
|
|
|0 005 20210205092410
|
| LOK |
|
|
|0 008 201117||||||||||||||||ger|||||||
|
| LOK |
|
|
|0 040
|a DE-Frei85
|c DE-627
|d DE-Frei85
|
| LOK |
|
|
|0 852
|a DE-Frei85
|
| LOK |
|
|
|0 852 1
|m p
|9 00
|
| LOK |
|
|
|0 938
|k p
|
| LOK |
|
|
|0 939
|a 17-11-20
|b l01
|
| ORI |
|
|
|a SA-MARC-krimdoka001.raw
|